[Event "GER CM01-E email"]
[Site "GER email"]
[Date "2014.09.25"]
[Round "?"]
[White "Ovcharenko, Leonid Mikhailovich"]
[Black "Zieba, Zdzislaw"]
[Result "0-1"]
[WhiteElo "2294"]
[BlackElo "2326"]
[PlyCount "108"]
[EventDate "2014.??.??"]
[EventType "tourn (corr)"]
[EventRounds "12"]
[EventCountry "GER"]
[SourceTitle "Corr 2017"]
[Source "ChessBase"]
[SourceDate "2017.09.19"]
[SourceVersion "1"]
[SourceVersionDate "2017.09.19"]
[SourceQuality "1"]

1. e4 e6 2. d4 d5 3. Nc3 Nf6 4. Bg5 Bb4 5. e5 h6 6. exf6 hxg5 7. fxg7 Rg8 8. Qd2 Qf6 9. a3 Be7 10. Nb5 Bd8 11. c4 Qxg7 12. Rd1 Nc6 13. Nc3 Ne7 14. Nf3 c6 15. h3 Bc7 16. b3 Bd7 17. Na4 b6 18. Nc3 0-0-0 19. c5 Nf5 20. cxb6 axb6 21. Na4 Kb7 22. Qb4 Ka7 23. Rc1 f6 24. Nc3 Rc8 25. Qa4+ Kb8 26. Qb4 Rh8 27. Na4 Ka7 28. g4 Nh4 29. Nd2 Be8 30. Rg1 e5 31. Rg3 f5 32. dxe5 c5 33. Nxc5 Bxe5 34. Rd3 Bd6 35. Qc3 Qxc3 36. Rcxc3 d4 37. Rc4 Bxc5 38. b4 Bb5 39. bxc5 Bxc4 40. Nxc4 fxg4 41. hxg4 bxc5 42. Rb3 Rb8 43. Rxb8 Rxb8 44. Bd3 Ng2+ 45. Kd2 Rf8 46. Bf5 Nh4 47. Nd6 Nxf5 48. Nxf5 Kb6 49. Kc2 Kc6 50. a4 Rf7 51. a5 Kd5 52. a6 c4 53. Kd1 Ra7 54. Kc2 Rxa6 0-1

[Event "GER CM01-E email"]
[Site "GER email"]
[Date "2014.09.25"]
[Round "?"]
[White "Zieba, Zdzislaw"]
[Black "Canibal, Jaromir"]
[Result "1-0"]
[WhiteElo "2326"]
[BlackElo "2327"]
[PlyCount "89"]
[EventDate "2014.??.??"]
[EventType "tourn (corr)"]
[EventRounds "12"]
[EventCountry "GER"]
[SourceTitle "Corr 2017"]
[Source "ChessBase"]
[SourceDate "2017.09.19"]
[SourceVersion "1"]
[SourceVersionDate "2017.09.19"]
[SourceQuality "1"]

1. e4 d6 2. d4 Nf6 3. Nc3 g6 4. Be3 Bg7 5. Qd2 0-0 6. 0-0-0 c6 7. f3 b5 8. h4 h5 9. Kb1 Qc7 10. g4 b4 11. Nce2 c5 12. Bg5 hxg4 13. Nf4 Nc6 14. h5 Nh7 15. Nd5 Qb7 16. hxg6 fxg6 17. Bc4 e6 18. Bf4 exd5 19. Bxd5+ Rf7 20. Bxd6 Nf6 21. Qh2 g3 22. Bxg3 Nxd5 23. exd5 Ne7 24. Be5 Rf6 25. Bxf6 Bxf6 26. Qh7+ Kf8 27. d6 Nf5 28. Qxg6 Qg7 29. Qxg7+ Bxg7 30. dxc5 Bd7 31. Ne2 Rc8 32. Rd5 Ne3 33. Rg5 Nf5 34. Rh7 Kg8 35. Rhh5 Rxc5 36. Ng3 Rd5 37. Kc1 Nxg3 38. Rxg7+ Kxg7 39. Rxd5 Kf6 40. Ra5 Ne2+ 41. Kd2 Nd4 42. Rxa7 Ke6 43. Rb7 Nc6 44. c3 bxc3+ 45. Kxc3 1-0

[Event "GER CM01-E email"]
[Site "GER email"]
[Date "2014.09.25"]
[Round "?"]
[White "Zieba, Zdzislaw"]
[Black "Emrich, Eiko"]
[Result "1/2-1/2"]
[WhiteElo "2326"]
[BlackElo "2277"]
[PlyCount "95"]
[EventDate "2014.??.??"]
[EventType "tourn (corr)"]
[EventRounds "12"]
[EventCountry "GER"]
[SourceTitle "Corr 2017"]
[Source "ChessBase"]
[SourceDate "2017.09.19"]
[SourceVersion "1"]
[SourceVersionDate "2017.09.19"]
[SourceQuality "1"]

1. e4 e6 2. d4 d5 3. e5 c5 4. c3 Nc6 5. Nf3 Qb6 6. a3 c4 7. Nbd2 Na5 8. g3 Bd7 9. h4 0-0-0 10. Bh3 h6 11. 0-0 Kb8 12. Rb1 Ne7 13. Ne1 Rc8 14. Ng2 g6 15. Ne3 g5 16. hxg5 hxg5 17. Kg2 Ng6 18. Nf3 Qd8 19. Ng4 Be7 20. Be3 Rh5 21. Rh1 Qg8 22. Qe2 Nf8 23. Nd2 Rh8 24. Nf6 Bxf6 25. exf6 Ba4 26. Qg4 Nh7 27. Rbc1 Qg6 28. Nf3 Rhg8 29. Ne5 Nxf6 30. Nxg6 Nxg4 31. Bxg4 Rxg6 32. f4 gxf4 33. Bxf4+ Ka8 34. Bh5 Rg7 35. Be5 Rh7 36. Rh4 Nc6 37. Bf6 Nb8 38. Bf3 Rxh4 39. gxh4 Nd7 40. Be7 Re8 41. Bd6 Rh8 42. h5 b5 43. Kf2 Kb7 44. Ke3 Kc6 45. Bf4 Nf6 46. Be5 Rh6 47. Rf1 Ne8 48. Kd2 1/2-1/2

[Event "GER CM01-E email"]
[Site "GER email"]
[Date "2014.09.25"]
[Round "?"]
[White "Zieba, Zdzislaw"]
[Black "Scheiba, Manfred"]
[Result "1/2-1/2"]
[WhiteElo "2326"]
[BlackElo "2298"]
[PlyCount "57"]
[EventDate "2014.??.??"]
[EventType "tourn (corr)"]
[EventRounds "12"]
[EventCountry "GER"]
[SourceTitle "Corr 2017"]
[Source "ChessBase"]
[SourceDate "2017.09.19"]
[SourceVersion "1"]
[SourceVersionDate "2017.09.19"]
[SourceQuality "1"]

1. e4 c5 2. Nf3 Nc6 3. d4 cxd4 4. Nxd4 Nf6 5. Nc3 e5 6. Ndb5 d6 7. Bg5 a6 8. Na3 b5 9. Nd5 Be7 10. Bxf6 Bxf6 11. c3 0-0 12. Nc2 Bg5 13. a4 bxa4 14. Rxa4 a5 15. Bc4 Rb8 16. b3 Kh8 17. h4 Bh6 18. Nce3 Bxe3 19. Nxe3 Ne7 20. 0-0 f5 21. exf5 Nxf5 22. Nxf5 Bxf5 23. Ra2 Be4 24. Bd5 Bxd5 25. Qxd5 h6 26. g3 Qc7 27. Rc1 e4 28. Qxe4 Rxb3 29. Qd5 1/2-1/2